Statistiche per Bandiere di Nazioni con più Rosso

Clicka qui per fare il quiz!

Statistiche generali

  • Questo quiz è stato fatto 5.162 volte
  • Il punteggio medio è 12 su 15

Statistiche sulle risposte

Risposta% Corretto
Cina
99%
Turchia
98%
Albania
97%
Marocco
96%
Svizzera
96%
Danimarca
91%
Lettonia
87%
Vietnam
87%
Montenegro
84%
Tunisia
84%
Taiwan
67%
Kirghizistan
56%
Tonga
53%
Samoa
45%
Timor Est
44%

Distribuzione punteggi

Percentile per numero di risposta

Percentuale di utenti per punteggio

I tuoi punteggi nel tempo

Non hai fatto questo quiz